Statistics for Cricket - Highest ODI Partnerships

Click here to take the quiz!

General Stats

  • This quiz has been taken 79 times
  • The average score is 6 of 20

Answer Stats

Answer% Correct
2nd372WI v Zim2014-15Chris Gayle
89%
1stSanath Jayasuriya
74%
10th106*WI v Eng1984Viv Richards
48%
2ndMarlon Samuels
41%
4th275*Ind v Zim1997-98Mohammad Azharuddin
41%
1st286SL v Eng2006Upul Tharanga
36%
7th177Eng v NZ2015Jos Buttler
32%
9thLasith Malinga
32%
4thAjay Jadeja
30%
3rd258WI v Ban2014-15Darren Bravo
30%
10thMichael Holding
30%
9th132SL v Aus2010-11Angelo Mathews
29%
5th256*SA v Zim2014-15David Miller
27%
5thJean-Paul Duminy
27%
6thLuke Ronchi
18%
6th267*NZ v SL2015-16Grant Elliott
16%
3rdDenesh Ramdin
14%
7thAdil Rashid
12%
8th138SA v Ind2006-07Justin Kemp
11%
8thAndrew Hall
7%

Score Distribution

Percentile by Number Answered

Percent of People with Each Score

Your Score History

You have not taken this quiz